[Event "Kopec's Camp op"]
[Site "Pomfret"]
[Date "1994.??.??"]
[Round "4"]
[White "Ying, Victor"]
[Black "De Bonis, Pat"]
[Result "1/2-1/2"]
[WhiteElo "2105"]
[BlackElo "1850"]
[PlyCount "102"]
[EventDate "1994.07.??"]
[EventType "swiss"]
[EventRounds "4"]
[EventCountry "USA"]
[SourceTitle "EXT 2005"]
[Source "ChessBase"]
[SourceDate "2004.11.15"]
[SourceVersion "1"]
[SourceVersionDate "2004.11.15"]
[SourceQuality "1"]

1. e4 c5 2. Nf3 Nc6 3. d4 cxd4 4. Nxd4 e5 5. Nb5 a6 6. Nd6+ Bxd6 7. Qxd6 Qf6 8. Qxf6 Nxf6 9. Nc3 Nb4 10. Kd2 d5 11. a3 d4 12. axb4 dxc3+ 13. Ke3 Ng4+ 14. Kf3 f5 15. Bb5+ Kf7 16. Bc4+ Kf6 17. exf5 Bxf5 18. bxc3 Rac8 19. Bd5 Rxc3+ 20. Be3 Nxe3 21. fxe3 Rxc2 22. Bxb7 Rb8 23. Rxa6+ Ke7 24. Ra7 Rc7 25. Ra5 Rcxb7 26. Rxe5+ Kf6 27. Rc5 Rxb4 28. Rc6+ Ke5 29. Rc5+ Ke6 30. Ra1 Be4+ 31. Kg3 Kd6 32. Rg5 Rb2 33. Ra6+ Bc6 34. e4 R8b3+ 35. Kh4 g6 36. Rd5+ Kc7 37. Rc5 Rb7 38. Rcxc6+ Kb8 39. Kh3 R7b3+ 40. g3 Re2 41. Rab6+ Rxb6 42. Rxb6+ Kc7 43. Rb4 Kd6 44. Kg4 Rxh2 45. Rb3 Ke5 46. Kf3 Rh1 47. Rb5+ Ke6 48. Rb6+ Ke5 49. Rb5+ Ke6 50. Rb3 Ke5 51. Ke3 Re1+ 1/2-1/2